00413nam a2200181Ia 4500008004100000020001800041050001400059100001700073245001900090245001700109260001500126260002000141260000900161300001600170300002700186300001000213500000800223170918s9999 xx 000 0 und d a9781423124528 bC695 2001 aColfer, Eoin aArtemis fowl / cEoin Colfer. aNew York : bHyperion Books, c2001 a277 pages : bcolored illustration ; c19cm. a600